Geometry Dash Difficulties Quiz - Statistics

General Stats
  • This quiz has been taken 48 times
  • The average score is 9 of 11
Answer Stats
Hint Answer % Correct
Base After Base Hard
97%
Geometrical Dominator Harder
97%
CraZy Hard Demon
92%
ReTray Easy
87%
VeritY Medium Demon
84%
Arctic Lights Extreme Demon
79%
Through Time Normal
79%
Sidestep Easy Demon
76%
Tetrix Insane
76%
Thanatophobia Insane Demon
76%
Technoloid Auto
55%
No matching quizzes found
Score Distribution
Percent of People with Each Score
Percentile by Number Answered
Your Score History
You have not taken this quiz